000 00437cam a22001577a 4500
008 180718b1949 xxu||||| |||| 00| 0 eng d
082 _aOA9 In2
245 _aRecreation in industry
_cby Industrial Welfare Society
250 _a2nd ed.
260 _aLondon
_bIndustrial Welfare Society
_c1949
300 _a72p.
500 _a3/-
650 _aEmployee Recreation Programmes
650 _aClubs
700 _aIndustrial Welfare Society
999 _c370321
_d370321